000 00776nam a22002537a 4500
001 10085
003 FISKH
005 20260407104838.0
008 260407b cb ||||| |||| 00| 0 eng d
040 _aFISKH
_beng
_cFISKH
_dFISKH
050 _aPZ7 .K614 .W
082 _a820
100 _aKingsley, Emily P.
245 _aWelcome home, big bird /
260 _aNew York :
_bGolden Press Book,
_c1985.
300 _a26 unnumbered pages :
_bcolor illustrations ;
_c27 cm
505 _aO
520 _aThe Sesame Street residents plan a party to welcome Big Bird home from his two-week trip.
521 8 _a600
_bLexile estimate
521 8 _aO
_bRaz-Plus
650 _aPicture Book
_vJuvenile Fiction
_xSesame Street
942 _2ddc
_cBK
_n0
999 _c10085
_d10085